মিশন উইথ মাউন্টব্যাটেন / (Record no. 12410)
[ view plain ]
| 000 -LEADER | |
|---|---|
| fixed length control field | 00811nam a22002417a 4500 |
| 001 - CONTROL NUMBER | |
| JCCL Control Number | 12410 |
| 003 - CONTROL NUMBER IDENTIFIER | |
| JCCL marc code | BD-JhCC |
| 005 - DATE AND TIME OF LATEST TRANSACTION | |
| control field | 20220208190025.0 |
| 008 - FIXED-LENGTH DATA ELEMENTS--GENERAL INFORMATION | |
| fixed length control field | 220208s20122012 bg |||| |||| 000 0 ban d |
| 020 ## - INTERNATIONAL STANDARD BOOK NUMBER | |
| International Standard Book Number | 9789847116570 |
| 035 ## - SYSTEM CONTROL NUMBER | |
| system control number | (BD-JhCC)12410 |
| 040 ## - CATALOGING SOURCE | |
| Original cataloging agency | BD-JhCC |
| Modifying agency | BD-JhCC |
| 041 ## - LANGUAGE CODE | |
| Language code of Book | ban |
| 082 ## - DEWEY DECIMAL CLASSIFICATION NUMBER | |
| Classification number | 954.0359 |
| Author mark and Year | JON 2017 |
| 100 ## - MAIN ENTRY--PERSONAL NAME | |
| Personal name | জনসন,অ্যালেন ক্যাম্বেল |
| 245 ## - TITLE STATEMENT | |
| Title | মিশন উইথ মাউন্টব্যাটেন / |
| Statement of responsibility, etc | অ্যালেন ক্যাম্বেল জনসন, অনু: এনায়েত রসুল। |
| 300 ## - PHYSICAL DESCRIPTION | |
| Pagination | 477 p. : |
| Other physical details | ill; |
| Dimensions | 22 cm. |
| 600 ## - SUBJECT ADDED ENTRY--PERSONAL NAME | |
| Personal name | Mountbatten, Louis. |
| 650 ## - SUBJECT ADDED ENTRY--TOPICAL TERM | |
| Topical term or geographic name as entry element | India -- History -- 1947- |
| 700 ## - ADDED ENTRY--PERSONAL NAME | |
| Personal name | রসুল,এনায়েত |
| 942 ## - ADDED ENTRY ELEMENTS (KOHA) | |
| Source of classification or shelving scheme | Dewey Decimal Classification |
| Koha item type | Books |
| Source of classification or shelving scheme | Damaged status | Not for loan | Home library | Current library | Shelving location | Date of accession | Cost, normal purchase price | Total Checkouts | Full call number | Barcode | Date last seen | Copy number | Koha item type |
|---|---|---|---|---|---|---|---|---|---|---|---|---|---|
| Dewey Decimal Classification | JCC Rouf Library | JCC Rouf Library | General Stacks | 10/24/2024 | 425.00 | 954.0359 JON 2017 | 17091 | 10/24/2024 | C-1 | Books |